Fancy Nancy's fabulous fall storybook collection / (Record no. 4171)

MARC details
000 -LEADER
fixed length control field 01558cam a22004337i 4500
001 - CONTROL NUMBER
control field 4171
003 - CONTROL NUMBER IDENTIFIER
control field FISKH
005 - DATE AND TIME OF LATEST TRANSACTION
control field 20250507125053.0
008 - FIXED-LENGTH DATA ELEMENTS--GENERAL INFORMATION
fixed length control field 141009t20142014nyua j 000 1 eng d
010 ## - LIBRARY OF CONGRESS CONTROL NUMBER
LC control number 2012474687
020 ## - INTERNATIONAL STANDARD BOOK NUMBER
International Standard Book Number 9780062288844
020 ## - INTERNATIONAL STANDARD BOOK NUMBER
International Standard Book Number 9780062001757
020 ## - INTERNATIONAL STANDARD BOOK NUMBER
International Standard Book Number 0062288849
035 ## - SYSTEM CONTROL NUMBER
System control number (OCoLC)ocn861210024
040 ## - CATALOGING SOURCE
Original cataloging agency BTCTA
Language of cataloging eng
Transcribing agency BTCTA
Description conventions rda
Modifying agency YDXCP
Description conventions rda
Modifying agency SINLB
-- CO2
-- CLE
-- IK2
-- DLC
042 ## - AUTHENTICATION CODE
Authentication code lccopycat
050 00 - LIBRARY OF CONGRESS CALL NUMBER
Classification number PZ7.O222
082 ## - DEWEY DECIMAL CLASSIFICATION NUMBER
Edition number 813.54
100 1# - MAIN ENTRY--PERSONAL NAME
Personal name O'Connor, Jane,
245 10 - TITLE STATEMENT
Title Fancy Nancy's fabulous fall storybook collection /
Statement of responsibility, etc. by Jane O'Connor ; pictures based on the art of Robin Preiss Glasser.
260 ## - PUBLICATION, DISTRIBUTION, ETC.
Place of publication, distribution, etc. New York :
Name of publisher, distributor, etc. Harper Collins,
Date of publication, distribution, etc. 2011.
300 ## - PHYSICAL DESCRIPTION
Extent 32 pages :
Other physical details color illustrations ;
Dimensions 23 cm
336 ## - CONTENT TYPE
Content type term text
Source rdacontent
336 ## - CONTENT TYPE
Content type term still image
Source rdacontent
337 ## - MEDIA TYPE
Media type term unmediated
Source rdamedia
338 ## - CARRIER TYPE
Carrier type term volume
Source rdacarrier
505 ## - FORMATTED CONTENTS NOTE
Formatted contents note J<br/>
520 ## - SUMMARY, ETC.
Summary, etc. Collects six Fancy Nancy stories, including "Splendid Speller," wherein Nancy, who loves to use fancy words, comes up against a tough spelling quiz and is faced with a difficult decision.
521 8# - TARGET AUDIENCE NOTE
Target audience note 500<br/>
Source Lexile <br/>
521 8# - TARGET AUDIENCE NOTE
Target audience note J<br/>
Source Raz-Plus<br/>
600 00 - SUBJECT ADDED ENTRY--PERSONAL NAME
Personal name Fancy Nancy
Titles and other words associated with a name (Fictitious character)
Form subdivision Juvenile fiction.
630 00 - SUBJECT ADDED ENTRY--UNIFORM TITLE
Uniform title Thanksgiving
Form subdivision Juvenile fiction.
650 #0 - SUBJECT ADDED ENTRY--TOPICAL TERM
Topical term or geographic name entry element Halloween
Form subdivision Juvenile fiction.
650 #0 - SUBJECT ADDED ENTRY--TOPICAL TERM
Topical term or geographic name entry element Schools
Form subdivision Juvenile fiction.
700 1# - ADDED ENTRY--PERSONAL NAME
Personal name Preiss-Glasser, Robin,
Relator term illustrator.
906 ## - LOCAL DATA ELEMENT F, LDF (RLIN)
a 7
b cbc
c copycat
d 2
e ncip
f 20
g y-gencatlg
942 ## - ADDED ENTRY ELEMENTS (KOHA)
Source of classification or shelving scheme Dewey Decimal Classification
Koha item type Books
Suppress in OPAC No
Holdings
Withdrawn status Lost status Source of classification or shelving scheme Damaged status Not for loan Collection Home library Current library Shelving location Date acquired Total Checkouts Full call number Barcode Date last seen Date last checked out Price effective from Koha item type Copy number
    Dewey Decimal Classification     Juvenile Fiction Footprints International School Library Network Toul Kork Campus Footprints International School Library Network Toul Kork Campus TK Primary Library Room(4th Floor), Bookcase 1&2, Shelves 1-16, Dark Blue Books 06/25/2024 1 O'CO 813.54 PZ7.O222 FISTK01222 02/27/2025 08/08/2024 06/25/2024 Books  
    Dewey Decimal Classification     Juvenile Fiction Footprints International School Library Network Toul Tom Poung Campus Footprints International School Library Network Toul Tom Poung Campus TTP Primary Dark Blue Bookshelves 05/07/2025   O'CO 813.54 PZ7.O222 2025-1196 05/07/2025   05/07/2025 Books 2